| 000 | 01847nam0a2200385 4500 | ||
|---|---|---|---|
| 001 | RU\NLR\bibl\1381120 | ||
| 005 | 20260405113541.0 | ||
| 010 |
_a978-5-98972-031-6 _9450 |
||
| 021 |
_aRU _b2009-29314 _91757 |
||
| 035 | _a(nilc)RSL-KNO-004292219 | ||
| 035 | _a(NLR Aleph) 001373204 | ||
| 090 |
_a1054895 _c1054895 |
||
| 100 | _a20090410d2006 |||y0rusy50 ca | ||
| 101 | 0 | _arus | |
| 102 | _aRU | ||
| 105 | _ay ||||||||| | ||
| 200 | 1 |
_aУправление эффективностью рабочих мест в клиентоориентированных бизнес-процессах _fА. П. Быков, В. Е. Павлович _gНОУ ВПО "Междунар. ин-т рынка" |
|
| 210 |
_aСамара _cМеждунар. ин-т рынка _d2006 |
||
| 215 |
_a163 с. _cил., табл. _d21 |
||
| 300 | _aНа 4-й с. обл. авт.: А.П. Быков доц., к.т.н., В.Е. Павлович доц., к.т.н. | ||
| 320 | _aБиблиогр. в конце гл. | ||
| 606 | 1 |
_aРабочие места _xОрганизация _92400040 _3RU\NLR\auth\661430691 |
|
| 610 | 2 | _aЭкономика -- Российская Федерация -- Труд -- Производительность труда -- Управление | |
| 610 | 2 | _aэффективность рабочего места | |
| 686 |
_aУ9(2)241-21,0 _2rubbk |
||
| 686 | _aУ24(0)216 | ||
| 700 | 1 |
_4070 _8rus _7ca _aБыков _bА. П. _cканд. техн. наук, металловедение _gАлександр Петрович _3RU\NLR\auth\7744230 _927172 |
|
| 701 | 1 |
_aПавлович _bВ. Е. _gВиталий Евгеньевич _4070 |
|
| 801 | 0 |
_aRU _bРГБ _c20090410 _grcr |
|
| 801 | 1 |
_aRU _bРГБ _c20090410 |
|
| 801 | 2 |
_aRU _bNLR _c20090615 _grcr |
|
| 830 | _aавт. по кн. | ||
| 942 | _cBOOK | ||
| 980 | _aNB | ||